[Event "CYCC U10"]
[Site "Victoria CAN"]
[Date "2009.07.21"]
[Round "2"]
[White "Cao, Jason"]
[Black "Whitecrow, Brandon"]
[Result "1-0"]
[WhiteElo "1032"]
[BlackElo "768"]
[PlyCount "73"]
[GameId "2160767910093643"]
[EventDate "2009.07.21"]
[EventType "swiss"]
[EventRounds "7"]
[EventCountry "CAN"]
[SourceTitle "EXT 2011"]
[Source "ChessBase"]
[SourceDate "2011.11.26"]
[SourceVersion "1"]
[SourceVersionDate "2011.11.26"]
[SourceQuality "1"]

1. d4 e6 2. c4 Bb4+ 3. Bd2 Bxd2+ 4. Qxd2 Nc6 5. Nc3 e5 6. dxe5 Nxe5 7. Qe3 Ne7 8. Qxe5 d6 9. Qxg7 Rg8 10. Qxh7 b6 11. Qe4 Bf5 12. Qe3 Rg4 13. b3 d5 14. Nxd5 c6 15. Nf6+ Kf8 16. Nxg4 Bxg4 17. h3 Nf5 18. Qe4 Bh5 19. Qxf5 Bg6 20. Qf4 Kg7 21. Qd2 Qf6 22. Rd1 Rd8 23. Qxd8 Qxd8 24. Rxd8 b5 25. cxb5 cxb5 26. e3 a5 27. Bxb5 f5 28. Nf3 Kf6 29. Ra8 Bh5 30. Rxa5 Bxf3 31. gxf3 Ke6 32. Bc4+ Kf6 33. Rg1 f4 34. exf4 Ke7 35. Rg6 Kd7 36. Ra7+ Ke8 37. Rg8# 1-0

[Event "CYCC U10"]
[Site "Victoria CAN"]
[Date "2009.07.21"]
[Round "2"]
[White "Carradice, Lemuel"]
[Black "Han, Lionel"]
[Result "0-1"]
[WhiteElo "961"]
[BlackElo "1124"]
[PlyCount "56"]
[GameId "2160767910093644"]
[EventDate "2009.07.21"]
[EventType "swiss"]
[EventRounds "7"]
[EventCountry "CAN"]
[SourceTitle "hb 2009.10"]

1. e3 e5 2. Qf3 Nf6 3. g4 d5 4. Bb5+ c6 5. Be2 Bxg4 6. Qg3 Be6 7. Qxe5 Bd6 8. Qc3 Qc7 9. Nf3 Nbd7 10. O-O Nh5 11. Ng5 Bxh2+ 12. Kg2 Ndf6 13. Rh1 d4 14. Qd3 Bf4 15. exf4 Nxf4+ 16. Kf1 Nxd3 17. Bxd3 Bd5 18. Be4 Nxe4 19. Nxe4 Bxe4 20. Rh4 Qe7 21. Rf4 g5 22. Rg4 h5 23. Rg1 g4 24. b3 Bf3 25. Rg3 h4 26. Ba3 Qe2+ 27. Kg1 Qe1+ 28. Kh2 Qh1# 0-1

[Event "CYCC U10"]
[Site "Victoria CAN"]
[Date "2009.07.21"]
[Round "2"]
[White "Doknjas, John"]
[Black "Lee, Jonah"]
[Result "0-1"]
[WhiteElo "1796"]
[BlackElo "1484"]
[PlyCount "90"]
[GameId "2160767910093645"]
[EventDate "2009.07.21"]
[EventType "swiss"]
[EventRounds "7"]
[EventCountry "CAN"]
[SourceTitle "hb 2009.10"]

1. d4 d5 2. e3 Nf6 3. Nf3 e6 4. Bd3 Bd6 5. O-O O-O 6. Nbd2 b6 7. c3 Bb7 8. Re1 Nbd7 9. e4 dxe4 10. Nxe4 Nxe4 11. Bxe4 Bxe4 12. Rxe4 Nf6 13. Rh4 c5 14. Qd3 cxd4 15. cxd4 Be7 16. Ne5 Rc8 17. Bg5 g6 18. Rd1 Nd7 19. Bxe7 Qxe7 20. Qh3 Nf6 21. g4 Kg7 22. Rd3 Rc1+ 23. Kg2 Rc7 24. Rf3 Qe8 25. Rh6 Rh8 26. Qh4 Ng8 27. Rxg6+ hxg6 28. Qg3 Rb7 29. Nxf7 Rxf7 30. Qe5+ Nf6 31. g5 Rhf8 32. h4 Qe7 33. h5 gxh5 34. Rg3 Kh8 35. g6 Rg7 36. Qg5 Kg8 37. Qh6 Qb7+ 38. Kg1 Rd8 39. Qf4 Qe7 40. Qe5 Rd5 41. Qb8+ Qd8 42. Qf4 Rxd4 43. Qe5 Rd1+ 44. Kg2 Qd5+ 45. Qxd5 Nxd5 0-1

[Event "CYCC U10"]
[Site "Victoria CAN"]
[Date "2009.07.21"]
[Round "2"]
[White "Hoffner, Noah"]
[Black "Lamothe, Zachari"]
[Result "1-0"]
[WhiteElo "1156"]
[BlackElo "840"]
[PlyCount "91"]
[GameId "2160767910093647"]
[EventDate "2009.07.21"]
[EventType "swiss"]
[EventRounds "7"]
[EventCountry "CAN"]
[SourceTitle "EXT 2011"]
[Source "ChessBase"]
[SourceDate "2011.11.26"]
[SourceVersion "1"]
[SourceVersionDate "2011.11.26"]
[SourceQuality "1"]

1. d4 Nc6 2. d5 Nb4 3. a3 Na6 4. e4 c6 5. Bxa6 bxa6 6. dxc6 dxc6 7. Qxd8+ Kxd8 8. Nf3 Bg4 9. Ne5 Bc8 10. Nxf7+ Ke8 11. Nxh8 e5 12. O-O Bc5 13. b4 Bd4 14. Ra2 Be6 15. Rb2 Bxb2 16. Bxb2 Ba2 17. Nd2 Nf6 18. Bxe5 Nd7 19. Bxg7 Ke7 20. c4 c5 21. Ra1 Bxc4 22. Nxc4 cxb4 23. axb4 Nb8 24. Rd1 Nc6 25. Rd5 Nxb4 26. Re5+ Kd7 27. Ra5 Nd3 28. Rd5+ Kc7 29. Rxd3 Rb8 30. h3 Rb1+ 31. Kh2 a5 32. Nxa5 Ra1 33. Be5+ Kb6 34. Bxa1 Kxa5 35. Rb3 a6 36. Bc3+ Ka4 37. Rb4+ Ka5 38. Rb7+ Ka4 39. Rxh7 a5 40. Bxa5 Kxa5 41. Rb7 Ka6 42. Rb1 Ka5 43. e5 Ka6 44. e6 Ka5 45. e7 Ka4 46. e8=Q+ 1-0

[Event "CYCC U10"]
[Site "Victoria CAN"]
[Date "2009.07.21"]
[Round "2"]
[White "Napieralski, Owen"]
[Black "Qian, Andy"]
[Result "0-1"]
[WhiteElo "802"]
[BlackElo "972"]
[PlyCount "58"]
[GameId "2160767910093648"]
[EventDate "2009.07.21"]
[EventType "swiss"]
[EventRounds "7"]
[EventCountry "CAN"]
[SourceTitle "hb 2009.10"]

1. e4 e6 2. Nf3 b6 3. Nc3 Bb7 4. d4 Bb4 5. Bd3 Ne7 6. Bd2 Bxc3 7. Bxc3 d5 8. e5 O-O 9. O-O c5 10. Ng5 g6 11. dxc5 bxc5 12. Qf3 h6 13. Nh3 Nbc6 14. Rae1 d4 15. Bd2 g5 16. Qe4 Ng6 17. c3 Qd7 18. g3 Ncxe5 19. Qe2 Bf3 20. Bb5 Qc7 21. Qxe5 Nxe5 22. cxd4 cxd4 23. Rc1 Qb7 24. Rc5 Bh1 25. Bc6 Nxc6 26. Kxh1 Ne5+ 27. Kg1 Nf3+ 28. Kg2 Nh4+ 29. Kg1 Qg2# 0-1

[Event "CYCC U10"]
[Site "Victoria CAN"]
[Date "2009.07.21"]
[Round "2"]
[White "Rainsberry, Christopher"]
[Black "Shi, Diwen"]
[Result "0-1"]
[WhiteElo "556"]
[BlackElo "1626"]
[PlyCount "78"]
[GameId "2160767910093649"]
[EventDate "2009.07.21"]
[EventType "swiss"]
[EventRounds "7"]
[EventCountry "CAN"]
[SourceTitle "hb 2009.10"]

1. e4 Nf6 2. Nc3 e5 3. Nf3 Nc6 4. Bc4 Bc5 5. O-O O-O 6. d3 h6 7. Nh4 d6 8. Nf5 Bxf5 9. exf5 Qd7 10. Qf3 a6 11. Re1 Nd4 12. Qd1 Nxf5 13. Ne4 Nxe4 14. Rxe4 Rae8 15. Qh5 d5 16. Bxd5 g6 17. Qg4 Qxd5 18. Be3 Kg7 19. a3 Nxe3 20. fxe3 f5 21. Qh4 fxe4 22. dxe4 Bxe3+ 23. Kh1 Qf7 24. h3 Qf1+ 25. Rxf1 Rxf1+ 26. Kh2 Bg1+ 27. Kg3 Bf2+ 28. Kg4 Bxh4 29. Kxh4 g5+ 30. Kh5 b5 31. b3 Rh1 32. c4 Rf8 33. cxb5 axb5 34. Kg4 Rf4+ 35. Kg3 c6 36. b4 Kg6 37. a4 bxa4 38. b5 cxb5 39. h4 gxh4# 0-1

[Event "CYCC U10"]
[Site "Victoria CAN"]
[Date "2009.07.21"]
[Round "2"]
[White "Sirkovich, Daniel"]
[Black "Awatramani, Janak"]
[Result "0-1"]
[WhiteElo "1292"]
[BlackElo "1761"]
[PlyCount "96"]
[GameId "2160767910093650"]
[EventDate "2009.07.21"]
[EventType "swiss"]
[EventRounds "7"]
[EventCountry "CAN"]
[SourceTitle "EXT 2011"]
[Source "ChessBase"]
[SourceDate "2011.11.26"]
[SourceVersion "1"]
[SourceVersionDate "2011.11.26"]
[SourceQuality "1"]

1. e4 b6 2. Nf3 Bb7 3. Nc3 e6 4. d4 Nf6 5. Bg5 Be7 6. Bxf6 Bxf6 7. e5 Be7 8. g3 O-O 9. Bd3 f5 10. exf6 Bxf6 11. Ne4 d5 12. Nxf6+ Qxf6 13. Qe2 Qxf3 14. Qxf3 Rxf3 15. Rf1 Nc6 16. Be2 Rf6 17. O-O-O Raf8 18. f4 Nb4 19. a3 Ba6 20. Bxa6 Nxa6 21. h4 h5 22. Rd3 g6 23. Rdf3 Rc8 24. Rg1 c5 25. dxc5 Nxc5 26. g4 Rxf4 27. Rfg3 Ne4 28. R3g2 Rxg4 29. Rxg4 hxg4 30. Rxg4 Kh7 31. Rf4 Kg7 32. Rg4 Rf8 33. Kb1 Rf1+ 34. Ka2 Rf2 35. h5 g5 36. a4 Rxc2 37. Kb1 Rc4 38. Ka1 Kh6 39. Rg2 Rxa4+ 40. Kb1 Rd4 41. b3 g4 42. Ka2 Rd2+ 43. Rxd2 Nxd2 44. b4 g3 45. b5 g2 46. Ka3 g1=Q 47. Ka4 Qd4+ 48. Ka3 Qc3+ 0-1

[Event "CYCC U10"]
[Site "Victoria CAN"]
[Date "2009.07.21"]
[Round "2"]
[White "Song, Michael"]
[Black "Kong, Dezheng"]
[Result "1/2-1/2"]
[WhiteElo "1614"]
[BlackElo "1957"]
[PlyCount "78"]
[GameId "2160767910093651"]
[EventDate "2009.07.21"]
[EventType "swiss"]
[EventRounds "7"]
[EventCountry "CAN"]
[SourceTitle "hb 2009.10"]

1. e4 c5 2. Nf3 e6 3. d4 cxd4 4. Nxd4 a6 5. g3 Qc7 6. Bg2 Nf6 7. Nc3 Be7 8. O-O O-O 9. Kh1 Nc6 10. f4 d6 11. Nxc6 bxc6 12. e5 Nd5 13. exd6 Bxd6 14. Ne4 Be7 15. Qe2 Bb7 16. c4 Nf6 17. b3 Nxe4 18. Bxe4 Bf6 19. Bb2 Bxb2 20. Qxb2 c5 21. Qg2 Bxe4 22. Qxe4 Rad8 23. Rfd1 Qa5 24. Qc2 h6 25. Qb2 Qb6 26. Qc2 a5 27. Rxd8 Rxd8 28. Rd1 Rd6 29. Rxd6 Qxd6 30. Kg2 Qd4 31. Kf3 f5 32. Qe2 Kf7 33. Kg2 g6 34. Qf2 Qxf2+ 35. Kxf2 Kf6 36. h3 e5 37. h4 e4 38. a4 g5 39. h5 gxf4 1/2-1/2

[Event "CYCC U10"]
[Site "Victoria CAN"]
[Date "2009.07.22"]
[Round "3"]
[White "Awatramani, Janak"]
[Black "Shi, Diwen"]
[Result "1-0"]
[WhiteElo "1761"]
[BlackElo "1626"]
[PlyCount "61"]
[GameId "2160767910093652"]
[EventDate "2009.07.21"]
[EventType "swiss"]
[EventRounds "7"]
[EventCountry "CAN"]
[SourceTitle "hb 2009.10"]

1. g3 Nf6 2. Bg2 d6 3. d3 g6 4. Nc3 Bg7 5. Bd2 O-O 6. e4 Nc6 7. f4 Bd7 8. Nf3 e6 9. Qe2 Re8 10. O-O-O a5 11. h4 a4 12. Nb1 Nh5 13. Qf2 Qf6 14. Bc3 e5 15. Rdf1 Qd8 16. f5 b5 17. Ng5 Rf8 18. Bd2 Nd4 19. Bf3 Nf6 20. c3 Nc6 21. h5 Ne7 22. hxg6 fxg6 23. g4 c5 24. Qh4 h6 25. Nh3 g5 26. Nxg5 hxg5 27. Bxg5 Kf7 28. Bxf6 Bxf6 29. Qh5+ Ng6 30. Qxg6+ Ke7 31. Rh7+ 1-0

[Event "CYCC U10"]
[Site "Victoria CAN"]
[Date "2009.07.22"]
[Round "3"]
[White "Han, Lionel"]
[Black "Rainsberry, Christopher"]
[Result "1-0"]
[WhiteElo "1124"]
[BlackElo "556"]
[PlyCount "49"]
[GameId "2160767910093654"]
[EventDate "2009.07.21"]
[EventType "swiss"]
[EventRounds "7"]
[EventCountry "CAN"]
[SourceTitle "hb 2009.10"]

1. e4 e5 2. Nf3 Nc6 3. Bc4 Nf6 4. Ng5 d5 5. exd5 Nxd5 6. Nxf7 Qe7 7. Nxh8 Be6 8. O-O Qg5 9. d4 Qf6 10. dxe5 Nxe5 11. Bxd5 Bxd5 12. Qxd5 Nc6 13. Re1+ Be7 14. Bg5 Qf8 15. Bxe7 Nxe7 16. Qh5+ g6 17. Nxg6 hxg6 18. Qxg6+ Kd7 19. Qe4 Ke8 20. Nc3 Rd8 21. Qg6+ Kd7 22. Qe6+ Ke8 23. Nd5 Rd7 24. Nf6+ Kd8 25. Qxd7# 1-0

[Event "CYCC U10"]
[Site "Victoria CAN"]
[Date "2009.07.22"]
[Round "3"]
[White "Huang, James"]
[Black "Carradice, Lemuel"]
[Result "1-0"]
[WhiteElo "758"]
[BlackElo "961"]
[PlyCount "91"]
[GameId "2160767910093655"]
[EventDate "2009.07.21"]
[EventType "swiss"]
[EventRounds "7"]
[EventCountry "CAN"]
[SourceTitle "hb 2009.10"]

1. e4 e6 2. d4 g6 3. Nf3 Nc6 4. Nc3 Nf6 5. Bd3 d5 6. exd5 Nb4 7. O-O exd5 8. a3 Bg4 9. axb4 Bxf3 10. Qxf3 Bd6 11. Bg5 Be7 12. Rae1 O-O 13. Bxf6 Bxf6 14. Nxd5 Kg7 15. Nxf6 Qxf6 16. Qxf6+ Kxf6 17. Be4 Rad8 18. c3 Kg7 19. Bxb7 Rd6 20. Bf3 Ra6 21. b5 Rb6 22. c4 c6 23. Bxc6 a6 24. d5 a5 25. Ra1 g5 26. Rxa5 h5 27. Ra6 Rbb8 28. b6 g4 29. b7 h4 30. Ra8 h3 31. gxh3 f5 32. hxg4 f4 33. d6 Rf6 34. Rxb8 Rxd6 35. Rg8+ Kxg8 36. b8=Q+ Kh7 37. Qxd6 f3 38. Qf4 Kg7 39. Qxf3 Kh6 40. Qf4+ Kg7 41. Qf5 Kh6 42. Rd1 Kg7 43. Qe6 Kf8 44. Qf6+ Kg8 45. Rd8+ Kh7 46. Be4# 1-0

[Event "CYCC U10"]
[Site "Victoria CAN"]
[Date "2009.07.22"]
[Round "3"]
[White "Kong, Dezheng"]
[Black "Doknjas, John"]
[Result "1-0"]
[WhiteElo "1957"]
[BlackElo "1796"]
[PlyCount "69"]
[GameId "2160767910093656"]
[EventDate "2009.07.21"]
[EventType "swiss"]
[EventRounds "7"]
[EventCountry "CAN"]
[SourceTitle "hb 2009.10"]

1. c4 Nf6 2. Nc3 e6 3. Nf3 d5 4. e3 c5 5. d4 Nc6 6. cxd5 exd5 7. Bb5 Bd6 8. O-O O-O 9. dxc5 Bxc5 10. a3 a6 11. Be2 Re8 12. b4 Ba7 13. Bb2 b5 14. Rc1 Bb7 15. Qb3 d4 16. Rfd1 Ng4 17. h3 Nge5 18. Na2 Na5 19. bxa5 Bd5 20. Qb4 Bxa2 21. Bxd4 Bxd4 22. Rxd4 Qe7 23. Qxe7 Rxe7 24. Nxe5 Rxe5 25. Bf3 Rb8 26. Rd6 Re6 27. Rcc6 Rxd6 28. Rxd6 Bc4 29. Rxa6 b4 30. Rb6 Rc8 31. axb4 Kf8 32. a6 Rc7 33. Rb7 Rc8 34. a7 Ba6 35. Rb8 1-0

[Event "CYCC U10"]
[Site "Victoria CAN"]
[Date "2009.07.22"]
[Round "3"]
[White "Lamothe, Zachari"]
[Black "Napieralski, Owen"]
[Result "0-1"]
[WhiteElo "840"]
[BlackElo "802"]
[PlyCount "70"]
[GameId "2160767910093657"]
[EventDate "2009.07.21"]
[EventType "swiss"]
[EventRounds "7"]
[EventCountry "CAN"]
[SourceTitle "EXT 2011"]
[Source "ChessBase"]
[SourceDate "2011.11.26"]
[SourceVersion "1"]
[SourceVersionDate "2011.11.26"]
[SourceQuality "1"]

1. Nf3 d5 2. Nc3 Nc6 3. e4 dxe4 4. Nxe4 Bf5 5. Neg5 Nb4 6. Bb5+ c6 7. Bd3 Bxd3 8. cxd3 Nxd3+ 9. Kf1 f6 10. Ne4 Nxc1 11. Rxc1 Qd3+ 12. Ke1 Qxe4+ 13. Kf1 O-O-O 14. d3 Rxd3 15. Qe2 Qxe2+ 16. Kxe2 Rd5 17. Rhd1 Rxd1 18. Rxd1 Nh6 19. b3 a5 20. a3 e5 21. b4 axb4 22. axb4 Bxb4 23. Ra1 Kb8 24. Ra4 c5 25. Kd3 Rd8+ 26. Ke2 b5 27. Ra5 Bxa5 28. Nh4 c4 29. Kf1 c3 30. Nf3 c2 31. Ne1 c1=Q 32. g4 Qxe1+ 33. Kg2 Nxg4 34. h3 Qxf2+ 35. Kh1 Qh2# 0-1

[Event "CYCC U10"]
[Site "Victoria CAN"]
[Date "2009.07.22"]
[Round "3"]
[White "Lee, Jonah"]
[Black "Graif, William"]
[Result "0-1"]
[WhiteElo "1484"]
[BlackElo "1635"]
[PlyCount "30"]
[GameId "2160767910093658"]
[EventDate "2009.07.21"]
[EventType "swiss"]
[EventRounds "7"]
[EventCountry "CAN"]
[SourceTitle "hb 2009.10"]

1. c4 e5 2. g3 Nf6 3. Bg2 d5 4. cxd5 Nxd5 5. Nc3 Be6 6. Nf3 Nc6 7. O-O Be7 8. d3 O-O 9. Bd2 f5 10. e4 Ndb4 11. exf5 Bxf5 12. Qb3+ Kh8 13. a3 Nxd3 14. Qxb7 Na5 15. Qb5 c6 0-1

[Event "CYCC U10"]
[Site "Victoria CAN"]
[Date "2009.07.22"]
[Round "3"]
[White "Qian, Andy"]
[Black "Hoffner, Noah"]
[Result "1/2-1/2"]
[WhiteElo "972"]
[BlackElo "1156"]
[PlyCount "78"]
[GameId "2160767910093659"]
[EventDate "2009.07.21"]
[EventType "swiss"]
[EventRounds "7"]
[EventCountry "CAN"]
[SourceTitle "hb 2009.10"]

1. d4 Nf6 2. c4 g6 3. Nf3 Bg7 4. Nc3 e6 5. Bg5 Nc6 6. e3 O-O 7. Ne5 d6 8. Ng4 h6 9. Nxh6+ Bxh6 10. Bxh6 Re8 11. Bg5 b6 12. Ne4 Nxe4 13. Bxd8 Rxd8 14. Qf3 f5 15. Qd1 Ba6 16. b3 e5 17. d5 Ne7 18. f3 Nc5 19. b4 Nd7 20. f4 e4 21. g4 Kf7 22. gxf5 Nxf5 23. Qd2 Nf6 24. Rg1 Rh8 25. h3 Nh5 26. Qf2 Nhg3 27. Rxg3 Nxg3 28. Qxg3 Rh5 29. Qg4 Bc8 30. Qg3 Bf5 31. h4 Rah8 32. O-O-O Rxh4 33. Be2 Rh3 34. Qe1 Rxe3 35. Kd2 Rhh3 36. Qf2 Ra3 37. Qg1 e3+ 38. Ke1 Be4 39. Qg4 Bf5 1/2-1/2

[Event "CYCC U10"]
[Site "Victoria CAN"]
[Date "2009.07.22"]
[Round "3"]
[White "Sirkovich, Daniel"]
[Black "Song, Michael"]
[Result "0-1"]
[WhiteElo "1292"]
[BlackElo "1614"]
[PlyCount "122"]
[GameId "2160767910093660"]
[EventDate "2009.07.21"]
[EventType "swiss"]
[EventRounds "7"]
[EventCountry "CAN"]
[SourceTitle "EXT 2011"]
[Source "ChessBase"]
[SourceDate "2011.11.26"]
[SourceVersion "1"]
[SourceVersionDate "2011.11.26"]
[SourceQuality "1"]

1. e4 c5 2. Nf3 Nc6 3. d4 cxd4 4. Nxd4 g6 5. Nc3 Bg7 6. Be3 Nf6 7. f3 O-O 8. Qd2 d5 9. O-O-O dxe4 10. fxe4 Ng4 11. Nxc6 Qxd2+ 12. Rxd2 bxc6 13. Nd1 Rb8 14. b3 Nxe3 15. Nxe3 Bh6 16. Re2 Rd8 17. h3 Ba6 18. Re1 Bxf1 19. Rhxf1 Rd4 20. Rf3 Rxe4 21. Kb1 Rb5 22. Kc1 Rbe5 23. Kd2 f5 24. g3 Kf7 25. c3 Rxe3 26. Rfxe3 Rxe3 27. Rxe3 Bxe3+ 28. Kxe3 e5 29. a4 Ke6 30. c4 c5 31. a5 Kd6 32. g4 f4+ 33. Ke4 Kc6 34. h4 Kb7 35. g5 Ka6 36. Kf3 Kxa5 37. Kg4 Kb4 38. h5 gxh5+ 39. Kxh5 f3 40. Kh6 f2 41. Kxh7 f1=Q 42. g6 Qg2 43. g7 e4 44. g8=Q Qh3+ 45. Kg7 Qg4+ 46. Kf8 Qxg8+ 47. Kxg8 e3 48. Kf8 e2 49. Kf7 e1=Q 50. Kg8 Kxb3 51. Kg7 a5 52. Kf6 a4 53. Kf5 a3 54. Kf6 a2 55. Kf7 a1=Q 56. Kf8 Kxc4 57. Kg8 Kd4 58. Kf8 c4 59. Kg8 Qa7 60. Kf8 Qb1 61. Ke8 Qbb8# 0-1

[Event "CYCC U10"]
[Site "Victoria CAN"]
[Date "2009.07.22"]
[Round "4"]
[White "Cao, Jason"]
[Black "Rainsberry, Christopher"]
[Result "1-0"]
[WhiteElo "1032"]
[BlackElo "556"]
[PlyCount "61"]
[GameId "2160767910093661"]
[EventDate "2009.07.21"]
[EventType "swiss"]
[EventRounds "7"]
[EventCountry "CAN"]
[SourceTitle "EXT 2011"]
[Source "ChessBase"]
[SourceDate "2011.11.26"]
[SourceVersion "1"]
[SourceVersionDate "2011.11.26"]
[SourceQuality "1"]

1. d4 d5 2. c4 c6 3. Nc3 Bf5 4. e3 e6 5. Bd3 Bxd3 6. Qxd3 Nf6 7. Nf3 Bd6 8. O-O Nbd7 9. b3 e5 10. dxe5 Bxe5 11. cxd5 Bxc3 12. Qxc3 cxd5 13. Bb2 Rg8 14. Rac1 Ne4 15. Qd4 Nb6 16. Nd2 Nf6 17. Qe5+ Kd7 18. Rc2 Re8 19. Qf5+ Ke7 20. Ba3+ Qd6 21. Rc7+ Nbd7 22. Qe5+ Kf8 23. Qxd6+ Kg8 24. Rfc1 Nb6 25. Rxb7 h6 26. Rcc7 Rf8 27. Qg3 Nh5 28. Qf3 Rfe8 29. Qxh5 g6 30. Qxh6 Rec8 31. Rxf7 1-0

[Event "CYCC U10"]
[Site "Victoria CAN"]
[Date "2009.07.22"]
[Round "4"]
[White "Carradice, Lemuel"]
[Black "Whitecrow, Brandon"]
[Result "0-1"]
[WhiteElo "961"]
[BlackElo "768"]
[PlyCount "122"]
[GameId "2160767910093662"]
[EventDate "2009.07.21"]
[EventType "swiss"]
[EventRounds "7"]
[EventCountry "CAN"]
[SourceTitle "hb 2009.10"]

1. e4 d5 2. Bb5+ c6 3. Be2 dxe4 4. Bc4 b5 5. Bf1 f5 6. f3 Qd5 7. g4 e3 8. dxe3 Qxd1+ 9. Kxd1 fxg4 10. Be2 Nf6 11. fxg4 Nxg4 12. Bf3 Nf2+ 13. Ke1 Nxh1 14. Bxh1 e5 15. Bf3 Bb4+ 16. c3 Bc5 17. Bh5+ g6 18. b4 gxh5 19. bxc5 Rg8 20. Kf2 Rxg1 21. Kxg1 Na6 22. Nd2 Nxc5 23. Ba3 Ne6 24. Rf1 Nc7 25. Rf8+ Kd7 26. Rf7+ Kd8 27. Be7+ Ke8 28. Rxh7 Nd5 29. Rh8+ Kxe7 30. Rxh5 Nxe3 31. Rxe5+ Kf6 32. Rxe3 Bf5 33. c4 Rd8 34. Nf3 Rd1+ 35. Re1 Rd8 36. Nh4 bxc4 37. Rc1 Be6 38. Ng2 Rg8 39. Rf1+ Bf5 40. Kf2 Rxg2+ 41. Kxg2 Ke5 42. Rh1 Be4+ 43. Kg1 Bxh1 44. Kxh1 c3 45. h4 c2 46. Kg2 c1=Q 47. h5 a5 48. Kg3 Qb2 49. h6 Qb8 50. Kg4 Kf6 51. Kh5 Qg8 52. Kh4 Qg5+ 53. Kh3 Qxh6+ 54. Kg3 Kf5 55. a4 Qf4+ 56. Kg2 Qxa4 57. Kf1 Qc2 58. Ke1 a4 59. Kf1 a3 60. Ke1 a2 61. Kf1 a1=Q# 0-1

[Event "CYCC U10"]
[Site "Victoria CAN"]
[Date "2009.07.22"]
[Round "4"]
[White "Doknjas, John"]
[Black "Qian, Andy"]
[Result "1-0"]
[WhiteElo "1796"]
[BlackElo "792"]
[PlyCount "101"]
[GameId "2160767910093663"]
[EventDate "2009.07.21"]
[EventType "swiss"]
[EventRounds "7"]
[EventCountry "CAN"]
[SourceTitle "hb 2009.10"]

1. d4 Nf6 2. e3 e6 3. Nf3 b6 4. Bd3 Bb7 5. Nbd2 d5 6. O-O c5 7. c3 c4 8. Bc2 Nbd7 9. Re1 Qc7 10. e4 dxe4 11. Nxe4 Nxe4 12. Bxe4 Bxe4 13. Rxe4 Nf6 14. Re2 Bd6 15. d5 e5 16. Nxe5 O-O 17. Nf3 Rfe8 18. Rxe8+ Rxe8 19. Bg5 Ne4 20. Qa4 Rf8 21. Be3 Nf6 22. Qc6 Qxc6 23. dxc6 Rc8 24. Nd4 Ng4 25. h3 Nxe3 26. fxe3 Be5 27. Rd1 h6 28. Kf2 Bxd4 29. exd4 Rxc6 30. d5 Rd6 31. Ke3 Kf8 32. Kd4 Ke7 33. Kxc4 Kd7 34. Kb5 a5 35. c4 Rf6 36. Rd2 Kd6 37. Kxb6 Kd7+ 38. Kb7 g5 39. c5 Kd8 40. c6 Ke7 41. c7 Rd6 42. c8=Q Rd7+ 43. Kc6 Rd6+ 44. Kc7 Kf6 45. Kxd6 Kg6 46. g4 a4 47. Qf5+ Kg7 48. Rf2 Kg8 49. Qxf7+ Kh8 50. Qg6 a3 51. Rf8# 1-0

[Event "CYCC U10"]
[Site "Victoria CAN"]
[Date "2009.07.22"]
[Round "4"]
[White "Graif, William"]
[Black "Awatramani, Janak"]
[Result "1/2-1/2"]
[WhiteElo "1635"]
[BlackElo "1761"]
[PlyCount "54"]
[GameId "2160767910093664"]
[EventDate "2009.07.21"]
[EventType "swiss"]
[EventRounds "7"]
[EventCountry "CAN"]
[SourceTitle "hb 2009.10"]

1. e4 b6 2. d4 Bb7 3. Bd3 e6 4. Qe2 Nf6 5. Nf3 Be7 6. O-O d5 7. e5 Nfd7 8. c3 a6 9. a4 c5 10. Bf4 Nc6 11. Nbd2 Qc7 12. Rfc1 c4 13. Bc2 b5 14. axb5 axb5 15. Rxa8+ Bxa8 16. Ra1 Bb7 17. Ng5 g6 18. Qf3 h6 19. Qh3 Nf8 20. Re1 hxg5 21. Qxh8 gxf4 22. g3 fxg3 23. fxg3 Qb6 24. Nf3 Nd8 25. Rf1 Bc6 26. Nh4 g5 27. Nf3 b4 1/2-1/2

[Event "CYCC U10"]
[Site "Victoria CAN"]
[Date "2009.07.22"]
[Round "4"]
[White "Hoffner, Noah"]
[Black "Huang, James"]
[Result "1-0"]
[WhiteElo "1156"]
[BlackElo "758"]
[PlyCount "109"]
[GameId "2160767910093666"]
[EventDate "2009.07.21"]
[EventType "swiss"]
[EventRounds "7"]
[EventCountry "CAN"]
[SourceTitle "hb 2009.10"]

1. d4 d5 2. c4 e6 3. Nc3 Nf6 4. Bg5 Bb4 5. Qa4+ Nc6 6. Nf3 O-O 7. Qc2 Bxc3+ 8. bxc3 Bd7 9. Rb1 b6 10. e3 dxc4 11. Bxc4 Na5 12. Bd3 g6 13. Be4 c6 14. O-O b5 15. Ne5 Bc8 16. Nxc6 Nxc6 17. Bxc6 Rb8 18. Bxb5 a6 19. Bd3 Rxb1 20. Rxb1 Re8 21. e4 h6 22. Bxh6 Ng4 23. Bf4 g5 24. Bd2 Qd6 25. e5 Qd5 26. Be4 Qd8 27. h3 Nh6 28. Rb8 f5 29. Bb7 Qc7 30. Rxc8 Rxc8 31. Bxc8 Qxc8 32. Bxg5 Nf7 33. Bf6 Nh6 34. Qd2 Qf8 35. Bg5 Kh7 36. Bxh6 Qxh6 37. Qxh6+ Kxh6 38. Kf1 Kg5 39. Ke2 Kf4 40. Kd3 a5 41. a4 Kg5 42. c4 Kf4 43. c5 Kg5 44. c6 f4 45. c7 Kf5 46. c8=Q f3 47. Qf8+ Kg5 48. Qxf3 Kh6 49. Qc6 Kg5 50. Qxe6 Kh5 51. Qd5 Kg5 52. e6+ Kf4 53. Qa8 Kf5 54. Qxa5+ Kf4 55. Qe5# 1-0

[Event "CYCC U10"]
[Site "Victoria CAN"]
[Date "2009.07.22"]
[Round "4"]
[White "Napieralski, Owen"]
[Black "Sirkovich, Daniel"]
[Result "0-1"]
[WhiteElo "802"]
[BlackElo "1292"]
[PlyCount "144"]
[GameId "2160767910093667"]
[EventDate "2009.07.21"]
[EventType "swiss"]
[EventRounds "7"]
[EventCountry "CAN"]
[SourceTitle "EXT 2011"]
[Source "ChessBase"]
[SourceDate "2011.11.26"]
[SourceVersion "1"]
[SourceVersionDate "2011.11.26"]
[SourceQuality "1"]

1. e4 c5 2. Nf3 d6 3. d4 cxd4 4. Nxd4 Nf6 5. Nc3 g6 6. Nf3 Bg7 7. Bd3 O-O 8. Bd2 Nc6 9. O-O Bg4 10. h3 Bxf3 11. Qxf3 Ne5 12. Qe2 Nxd3 13. cxd3 Rc8 14. Rac1 Re8 15. Qe3 b6 16. f3 Nh5 17. Qe2 Ng3 18. Qf2 Nxf1 19. Qxf1 Bd4+ 20. Kh1 Bxc3 21. Bxc3 Rc7 22. Qf2 b5 23. Qd4 e5 24. Qe3 Qc8 25. a3 f6 26. f4 Rd8 27. fxe5 dxe5 28. Qd2 a5 29. Qc2 b4 30. axb4 axb4 31. Qb3+ Kg7 32. Qxb4 Rxd3 33. Kh2 Rb7 34. Qa5 Qc6 35. Bd2 Qd7 36. Bb4 Rb3 37. Ba3 R3b5 38. Qc3 Rb3 39. Qc5 Qe8 40. Qc8 Qxc8 41. Rxc8 Rb8 42. Rc7+ Kh6 43. g4 Rxb2+ 44. Bxb2 Rxb2+ 45. Kg1 Re2 46. Kf1 Rxe4 47. Rc6 Rf4+ 48. Ke2 Kg5 49. Rc3 h5 50. gxh5 Kxh5 51. Rg3 g5 52. Ke3 Kh4 53. Rg4+ Rxg4 54. hxg4 Kxg4 55. Kf2 f5 56. Ke2 Kg3 57. Kf1 Kh2 58. Kf2 g4 59. Ke3 f4+ 60. Ke4 f3 61. Kd3 f2 62. Ke2 Kg2 63. Ke3 g3 64. Ke4 f1=Q 65. Kxe5 Kh1 66. Ke6 g2 67. Ke7 g1=Q 68. Ke6 Qe3+ 69. Kd5 Qd1+ 70. Kc6 Qc3+ 71. Kb5 Qdb3+ 72. Ka6 Qa1# 0-1

[Event "CYCC U10"]
[Site "Victoria CAN"]
[Date "2009.07.22"]
[Round "4"]
[White "Shi, Diwen"]
[Black "Kong, Dezheng"]
[Result "1/2-1/2"]
[WhiteElo "1626"]
[BlackElo "1957"]
[PlyCount "75"]
[GameId "2160767910093668"]
[EventDate "2009.07.21"]
[EventType "swiss"]
[EventRounds "7"]
[EventCountry "CAN"]
[SourceTitle "hb 2009.10"]

1. c4 c6 2. Nc3 d5 3. cxd5 cxd5 4. d4 Nf6 5. Nf3 Nc6 6. Bf4 Ne4 7. Bd2 g6 8. e3 Nxc3 9. Bxc3 Bg7 10. Bd3 a6 11. O-O O-O 12. Qe2 Re8 13. Rfd1 f5 14. Rac1 Bd7 15. Qf1 e6 16. Be2 h6 17. h3 g5 18. Nh2 Qf6 19. Kh1 Qf7 20. Bf3 h5 21. Be2 g4 22. g3 Ne7 23. h4 Bc6 24. Kg1 Kh8 25. a3 Ng8 26. Qe1 Nf6 27. Nf1 Ba4 28. Rd3 Ne4 29. Nd2 Bb5 30. Nxe4 fxe4 31. Rd2 Bxe2 32. Qxe2 Qd7 33. Rdc2 Rac8 34. Be1 b5 35. Rc5 Bf8 36. Rxc8 Rxc8 37. Qd2 Rxc1 38. Qxc1 1/2-1/2